<?xml version="1.0" encoding="UTF-8"?>
<record
    xmlns:xsi="http://www.w3.org/2001/XMLSchema-instance"
    xsi:schemaLocation="http://www.loc.gov/MARC21/slim http://www.loc.gov/standards/marcxml/schema/MARC21slim.xsd"
    xmlns="http://www.loc.gov/MARC21/slim">

  <leader>00681nam a22001337a 4500</leader>
  <datafield tag="040" ind1=" " ind2=" ">
    <subfield code="c">RUA </subfield>
  </datafield>
  <datafield tag="082" ind1=" " ind2=" ">
    <subfield code="a">AGR KOR 2013 B056 Or.1</subfield>
  </datafield>
  <datafield tag="100" ind1=" " ind2=" ">
    <subfield code="a">KORM RITHEARA </subfield>
  </datafield>
  <datafield tag="245" ind1=" " ind2=" ">
    <subfield code="a">Adaptability of cultivated mungbean and wid related species (Vigna sp. ) in rainfed lowland condition, (&#x1797;&#x17B6;&#x1796;&#x1794;&#x1793;&#x17D2;&#x179F;&#x17C6;&#x17B6;&#x1791;&#x17C5;&#x1793;&#x17B9;&#x1784;&#x179B;&#x1780;&#x17D2;&#x1781;&#x1781;&#x178E;&#x17D2;&#x178C;&#x179F;&#x17D2;&#x179A;&#x17C2;&#x1791;&#x17C6;&#x1793;&#x17B6;&#x1794;&#x1796;&#x17B9;&#x1784;&#x1795;&#x17D2;&#x17A2;&#x17C2;&#x1780;&#x179A;&#x1794;&#x1794;&#x1791;&#x17B9;&#x1780;&#x1797;&#x17D2;&#x179B;&#x17C0;&#x1784; &#x1793;&#x17C3;&#x179F;&#x178E;&#x17D2;&#x178A;&#x17C2;&#x1780; &#x1793;&#x17B7;&#x1784;&#x179F;&#x178E;&#x17D2;&#x178A;&#x17C2;&#x1780;&#x1781;&#x17D2;&#x1798;&#x17C4;&#x1785;)</subfield>
  </datafield>
  <datafield tag="260" ind1=" " ind2=" ">
    <subfield code="a">phnom penh </subfield>
    <subfield code="b">RUA </subfield>
    <subfield code="c">2013 </subfield>
  </datafield>
  <datafield tag="300" ind1=" " ind2=" ">
    <subfield code="a">x, 52p.</subfield>
    <subfield code="b">ill.</subfield>
    <subfield code="c">29cm.</subfield>
  </datafield>
  <datafield tag="856" ind1=" " ind2=" ">
    <subfield code="u">https://drive.google.com/file/d/1mPRbg1y-sm5pb6OFBTqoZsLsjFEfiPHS/view?usp=sharing</subfield>
  </datafield>
  <datafield tag="942" ind1=" " ind2=" ">
    <subfield code="c">AGR</subfield>
  </datafield>
  <datafield tag="999" ind1=" " ind2=" ">
    <subfield code="c">1299</subfield>
    <subfield code="d">1299</subfield>
  </datafield>
  <datafield tag="952" ind1=" " ind2=" ">
    <subfield code="0">0</subfield>
    <subfield code="1">0</subfield>
    <subfield code="2">ddc</subfield>
    <subfield code="4">0</subfield>
    <subfield code="6">AGR_KOR_2013_000000000000000_B056_OR_1</subfield>
    <subfield code="7">0</subfield>
    <subfield code="9">5564</subfield>
    <subfield code="a">LBB</subfield>
    <subfield code="b">LBB</subfield>
    <subfield code="c">B056</subfield>
    <subfield code="d">2015-09-26</subfield>
    <subfield code="o">AGR KOR 2013 B056 Or.1</subfield>
    <subfield code="p">RUA005978</subfield>
    <subfield code="r">2015-09-26</subfield>
    <subfield code="w">2015-09-26</subfield>
    <subfield code="y">AGR</subfield>
  </datafield>
  <datafield tag="952" ind1=" " ind2=" ">
    <subfield code="0">0</subfield>
    <subfield code="1">0</subfield>
    <subfield code="2">ddc</subfield>
    <subfield code="4">0</subfield>
    <subfield code="6">AGR_KOR_2013_000000000000000_B056_OR_2</subfield>
    <subfield code="7">0</subfield>
    <subfield code="9">5565</subfield>
    <subfield code="a">LBB</subfield>
    <subfield code="b">LBB</subfield>
    <subfield code="c">B056</subfield>
    <subfield code="d">2015-09-26</subfield>
    <subfield code="o">AGR KOR 2013 B056 Or.2</subfield>
    <subfield code="p">RUA005351</subfield>
    <subfield code="r">2015-09-26</subfield>
    <subfield code="w">2015-09-26</subfield>
    <subfield code="y">AGR</subfield>
  </datafield>
  <datafield tag="952" ind1=" " ind2=" ">
    <subfield code="0">0</subfield>
    <subfield code="1">0</subfield>
    <subfield code="2">ddc</subfield>
    <subfield code="4">0</subfield>
    <subfield code="6">AGR_KOR_2013_000000000000000_B056_OR_3</subfield>
    <subfield code="7">0</subfield>
    <subfield code="9">5566</subfield>
    <subfield code="a">LBB</subfield>
    <subfield code="b">LBB</subfield>
    <subfield code="c">B056</subfield>
    <subfield code="d">2015-09-26</subfield>
    <subfield code="o">AGR KOR 2013 B056 Or.3</subfield>
    <subfield code="p">RUA005481</subfield>
    <subfield code="r">2015-09-26</subfield>
    <subfield code="w">2015-09-26</subfield>
    <subfield code="y">AGR</subfield>
  </datafield>
  <datafield tag="952" ind1=" " ind2=" ">
    <subfield code="0">0</subfield>
    <subfield code="1">0</subfield>
    <subfield code="2">ddc</subfield>
    <subfield code="4">0</subfield>
    <subfield code="6">AGR_KOR_2013_000000000000000_B056_OR_4</subfield>
    <subfield code="7">0</subfield>
    <subfield code="9">5567</subfield>
    <subfield code="a">LBB</subfield>
    <subfield code="b">LBB</subfield>
    <subfield code="c">B056</subfield>
    <subfield code="d">2015-09-26</subfield>
    <subfield code="o">AGR KOR 2013 B056 Or.4</subfield>
    <subfield code="p">RUA005344</subfield>
    <subfield code="r">2015-09-26</subfield>
    <subfield code="w">2015-09-26</subfield>
    <subfield code="y">AGR</subfield>
  </datafield>
  <datafield tag="952" ind1=" " ind2=" ">
    <subfield code="0">0</subfield>
    <subfield code="1">0</subfield>
    <subfield code="2">ddc</subfield>
    <subfield code="4">0</subfield>
    <subfield code="6">AGR_KOR_2012_000000000000000_B056_OR_5</subfield>
    <subfield code="7">0</subfield>
    <subfield code="9">5568</subfield>
    <subfield code="a">LBB</subfield>
    <subfield code="b">LBB</subfield>
    <subfield code="c">B056</subfield>
    <subfield code="d">2015-09-26</subfield>
    <subfield code="o">AGR KOR 2012 B056 Or.5</subfield>
    <subfield code="p">RUA005409</subfield>
    <subfield code="r">2015-09-26</subfield>
    <subfield code="w">2015-09-26</subfield>
    <subfield code="y">AGR</subfield>
  </datafield>
  <datafield tag="952" ind1=" " ind2=" ">
    <subfield code="0">0</subfield>
    <subfield code="1">0</subfield>
    <subfield code="2">ddc</subfield>
    <subfield code="4">0</subfield>
    <subfield code="6">AGR_KOR_2012_000000000000000_B056_OR_1</subfield>
    <subfield code="7">0</subfield>
    <subfield code="9">6391</subfield>
    <subfield code="a">LBB</subfield>
    <subfield code="b">LBB</subfield>
    <subfield code="c">B056</subfield>
    <subfield code="d">2015-09-29</subfield>
    <subfield code="o">AGR KOR 2012 B056 Or.1</subfield>
    <subfield code="p">RUA006799</subfield>
    <subfield code="r">2015-09-29</subfield>
    <subfield code="w">2015-09-29</subfield>
    <subfield code="y">AGR</subfield>
  </datafield>
  <datafield tag="952" ind1=" " ind2=" ">
    <subfield code="0">0</subfield>
    <subfield code="1">0</subfield>
    <subfield code="2">ddc</subfield>
    <subfield code="4">0</subfield>
    <subfield code="6">AGR_KOR_2013_000000000000000_B1_214_OR_1</subfield>
    <subfield code="7">0</subfield>
    <subfield code="9">77777</subfield>
    <subfield code="a">LBB</subfield>
    <subfield code="b">LBB</subfield>
    <subfield code="c">B1.214</subfield>
    <subfield code="d">2019-01-22</subfield>
    <subfield code="o">AGR KOR 2013 B1.214 Or.1</subfield>
    <subfield code="p">A40443</subfield>
    <subfield code="r">2019-01-22</subfield>
    <subfield code="w">2019-01-22</subfield>
    <subfield code="y">AGR</subfield>
  </datafield>
  <datafield tag="952" ind1=" " ind2=" ">
    <subfield code="0">0</subfield>
    <subfield code="1">0</subfield>
    <subfield code="2">ddc</subfield>
    <subfield code="4">0</subfield>
    <subfield code="6">AGR_KOR_2013_000000000000000_B1_214_OR_2</subfield>
    <subfield code="7">0</subfield>
    <subfield code="9">77817</subfield>
    <subfield code="a">LBB</subfield>
    <subfield code="b">LBB</subfield>
    <subfield code="c">B1.214</subfield>
    <subfield code="d">2019-01-22</subfield>
    <subfield code="o">AGR KOR 2013 B1.214 Or.2</subfield>
    <subfield code="p">A40000</subfield>
    <subfield code="r">2019-01-22</subfield>
    <subfield code="w">2019-01-22</subfield>
    <subfield code="y">AGR</subfield>
  </datafield>
</record>
